01888 2200349 4500001002100000005001500021035002000036007000300056008004100059020001800100082001400118084002000132100003600152245016000188250002000348300003900368700003000407700002600437700002600463502080800489264004301297336002101340337003001361338002301391650002101414650002301435990001601458990001601474990001601490990001601506990001601522INLIS00000000000027720260430023633 a0010-0426000276ta260430 b 0 ind  a9786231356642 a306.09598 a306.09598 WIL s0 aWilujeng Aji PermanaePengarang1 aSerial ragam pesona Nusantara Batam : Doni dan Megawisata Ocarina Batam /cWilujeng Aji Permana, Dian Mardianto;, Editor, Tim hikam;, Ilustrator, Tim hikam aCetakan Pertama a32 halaman :bilustrasi ;c23,5 cm0 aDian MardiantoePengarang0 aTim hikamePenyunting0 aTim hikameIlustrator aDewasa ini kesadaran dari putra-putri komponen anak bangsa mulai terkikis dan teralihkan ke visual digital pesawat genggam, budaya dan alam Nusantara yang seharusnya dilestarikan dan dijaga, menunjukkan indikasi ke arah yang semakin menurun. Bangsa Indonesia merupakan negara dengan beragam budaya dan kekayaan alam, budaya-budaya lokal yang ada di Nusantara muncul dan eksis terlebih dulu, sedangkan budaya bangsa muncul setelahnya. Kekayaan budaya dan Alam Nusantara ini menjadi situs budaya leluhur yang bernilai tinggi dan wajib diwariskan ke setiap generasi Bangsa. Dengan demikian, sudah seharusnya sebagai generasi Bangsa wajib menjaga dan melestraikannya supaya Budaya dan Alam Nusantara tersebut menjadi situs turun temurun bagi Bangsa ini. semoga menginspirasi bagi kita semua, salam literasi. aYogyakarta :bHikam Media Utama,c2023 2rdacontentaTeks 2rdamediaaTanpa Perantara 2rdacarrieraVolume 4aKebudayaan Batam 4aBacaan kanak-kanak aAT000523/25 aNM000560/25 aPT000519/25 aPP000962/25 aPP000963/25